[Event "Titled Tue 20th May Early"]
[Site "chess.com INT"]
[Date "2025.05.20"]
[Round "3"]
[White "Den Roover, Nikolay Jorgensen"]
[Black "Katishonok, Nikolaj"]
[Result "1-0"]
[WhiteTitle "CM"]
[BlackTitle "FM"]
[WhiteElo "1970"]
[BlackElo "2004"]
[WhiteFideId "1557220"]
[BlackFideId "11600225"]
[EventDate "2025.05.20"]

1. Nf3 e6 2. g3 d5 3. Bg2 Nf6 4. O-O c5 5. c4 dxc4 6. Qa4+ Nc6 7. Ne5 Nd5 8.
Nxc6 Qd7 9. Nc3 bxc6 10. Qxc4 a5 11. d3 Be7 12. Qg4 Bf6 13. Ne4 Qe7 14. Be3 Nxe3
15. fxe3 Bxb2 16. Rab1 f5 17. Qf4 e5 18. Qf3 O-O 19. Rxb2 fxe4 20. Qxf8+ Qxf8
21. Rxf8+ Kxf8 22. Bxe4 Kf7 23. Rb6 Bd7 24. Bxc6 Be6 25. Bxa8 1-0

[Event "Titled Tue 20th May Early"]
[Site "chess.com INT"]
[Date "2025.05.20"]
[Round "3"]
[White "Erece, Ece Alkim"]
[Black "Iunusov, Nuriddin"]
[Result "0-1"]
[WhiteTitle "WCM"]
[BlackTitle "CM"]
[WhiteElo "1843"]
[BlackElo "1953"]
[WhiteFideId "6346006"]
[BlackFideId "13803026"]
[EventDate "2025.05.20"]

1. e4 g6 2. Nf3 Bg7 3. d4 d6 4. Bc4 a6 5. c3 Nf6 6. Qe2 d5 7. exd5 Nxd5 8. O-O
O-O 9. h3 b5 10. Bb3 Bb7 11. Re1 e6 12. Bg5 Qd6 13. Nbd2 Nd7 14. Ne4 Qb6 15. Qd2
c5 16. Bh6 cxd4 17. Bxg7 Kxg7 18. Nxd4 N7f6 19. Nxf6 Nxf6 20. Bxe6 fxe6 21.
Nxe6+ Kg8 22. Nxf8 Rxf8 23. Qe3 Qc6 24. f3 Nd5 25. Qe6+ Qxe6 26. Rxe6 Kf7 27.
Re5 Rd8 28. Rae1 Rd7 29. Kf2 Nf4 30. Rc5 Nd3+ 0-1

[Event "Titled Tue 20th May Early"]
[Site "chess.com INT"]
[Date "2025.05.20"]
[Round "3"]
[White "Mizzi, Jack"]
[Black "Hari, Madhavan N B"]
[Result "0-1"]
[WhiteTitle "CM"]
[BlackTitle "IM"]
[WhiteElo "2086"]
[BlackElo "2386"]
[WhiteFideId "5602521"]
[BlackFideId "25054309"]
[EventDate "2025.05.20"]

1. d4 d5 2. c4 c6 3. Nf3 Nf6 4. Nbd2 Bf5 5. Nh4 Bc8 6. e3 e6 7. Bd3 Nbd7 8. f4
Bd6 9. O-O O-O 10. Nhf3 c5 11. b3 b6 12. Bb2 Bb7 13. Ne5 Rc8 14. f5 cxd4 15.
exd4 exf5 16. Bxf5 Rc7 17. Rc1 Re8 18. Re1 g6 19. Bh3 dxc4 20. Ndxc4 Bb4 21. Bc3
Bxc3 22. Rxc3 b5 23. Nxf7 Rxe1+ 24. Qxe1 Kxf7 25. Nd6+ Kf8 26. Re3 Bd5 27. Qh4
Rc1+ 28. Kf2 Qc7 29. Qh6+ Kg8 30. Ne8 Qc2+ 31. Re2 Ne4+ 32. Ke3 Qc3+ 33. Kf4
Rf1+ 34. Kg4 Ndf6+ 35. Nxf6+ Rxf6 36. Qe3 h5+ 37. Kh4 Qxe3 38. Rxe3 Rf4+ 39. g4
g5+ 40. Kxh5 Bf7+ 41. Kh6 Rf6# 0-1

[Event "Titled Tue 20th May Early"]
[Site "chess.com INT"]
[Date "2025.05.20"]
[Round "3"]
[White "Vasquez Schroeder, Rodrigo"]
[Black "Beniosev, Daniel"]
[Result "1-0"]
[WhiteTitle "GM"]
[BlackTitle "CM"]
[WhiteElo "2446"]
[BlackElo "2010"]
[WhiteFideId "3400042"]
[BlackFideId "11632674"]
[EventDate "2025.05.20"]

1. e4 c5 2. Nf3 e6 3. d4 cxd4 4. Nxd4 Nc6 5. Nb5 d6 6. c4 Nf6 7. N1c3 a6 8. Na3
Be7 9. Be2 O-O 10. O-O b6 11. Be3 Bb7 12. Rc1 Rc8 13. Qd2 Ne5 14. f3 Qc7 15.
Rfd1 Rfd8 16. Kh1 Ned7 17. Qe1 Qb8 18. Qf2 Ba8 19. Bf1 Rc6 20. Rc2 Rdc8 21. Rcd2
Ne5 22. h3 Ned7 23. Bf4 Ne5 24. Bh2 Qb7 25. Nc2 Nxc4 26. Bxc4 Rxc4 27. Bxd6 Bxd6
28. Rxd6 Re8 29. Qxb6 Qxb6 30. Rxb6 Nh5 31. Kh2 Nf4 32. Rxa6 h5 33. Rb6 h4 34.
Ne3 Rcc8 35. Rbd6 Bb7 36. R1d2 g6 37. Ng4 Kg7 38. Ne5 Re7 39. Rd7 Rc7 40. Rxe7
Rxe7 41. Rd7 Rxd7 42. Nxd7 Nd3 43. b3 f5 44. a4 Kf7 45. Nb6 Ke7 46. Nc4 Kd7 47.
g3 hxg3+ 48. Kxg3 fxe4 49. fxe4 Nc5 50. Nd2 Nd3 51. Kf3 Nc5 52. Ke3 e5 53. a5
Ne6 54. Nf3 1-0

[Event "Titled Tue 20th May Early"]
[Site "chess.com INT"]
[Date "2025.05.20"]
[Round "3"]
[White "Hungaski, Robert"]
[Black "Logachiov, Aleksandr"]
[Result "1-0"]
[WhiteTitle "GM"]
[BlackTitle "CM"]
[WhiteElo "2477"]
[BlackElo "2129"]
[WhiteFideId "2021030"]
[BlackFideId "24123706"]
[EventDate "2025.05.20"]

1. h3 e5 2. e3 Nf6 3. d4 exd4 4. exd4 d5 5. Nf3 Bd6 6. c4 dxc4 7. Bxc4 O-O 8.
O-O Bf5 9. Nc3 c6 10. Bg5 Nbd7 11. a3 Qc7 12. Re1 h6 13. Be3 Bf4 14. Qd2 Bxe3
15. Rxe3 Nb6 16. Ba2 Rad8 17. Rae1 Qf4 18. Bxf7+ Kh8 19. Qc1 Kh7 20. Ba2 Nh5 21.
Re5 Bxh3 22. Rxh5 1-0

[Event "Titled Tue 20th May Early"]
[Site "chess.com INT"]
[Date "2025.05.20"]
[Round "3"]
[White "Pavlidou, Ekaterini"]
[Black "Srihari, L R"]
[Result "0-1"]
[WhiteTitle "WIM"]
[BlackTitle "IM"]
[WhiteElo "2198"]
[BlackElo "2468"]
[WhiteFideId "4213262"]
[BlackFideId "46617116"]
[EventDate "2025.05.20"]

1. d4 e6 2. c4 b6 3. Nc3 Bb7 4. e4 Bb4 5. f3 f5 6. e5 d6 7. Qa4+ Nc6 8. d5 exd5
9. cxd5 Qh4+ 10. Ke2 Qc4+ 11. Kf2 Bc5+ 12. Kg3 Qxa4 13. Nxa4 Nxe5 14. Nxc5 bxc5
15. Bb5+ Kf7 16. Ne2 Nf6 17. Nf4 Nxd5 18. Nxd5 Bxd5 19. Rd1 Be6 20. f4 Ng6 21.
Be3 Rab8 22. a4 Ne7 23. Rd2 Nd5 24. Bf2 Nf6 25. Bc6 Rb3+ 26. Kh4 h6 27. Re1 g5+
28. fxg5 hxg5+ 29. Kxg5 Rg8+ 30. Kh6 Rg6# 0-1

[Event "Titled Tue 20th May Early"]
[Site "chess.com INT"]
[Date "2025.05.20"]
[Round "3"]
[White "Dicen, Elis Denele"]
[Black "Grodotzki, Kenneth"]
[Result "1-0"]
[WhiteTitle "WFM"]
[BlackTitle "CM"]
[WhiteElo "2135"]
[BlackElo "1984"]
[WhiteFideId "462560"]
[BlackFideId "4648560"]
[EventDate "2025.05.20"]

1. d4 f5 2. Nc3 Nf6 3. Bg5 d5 4. e3 e6 5. Nh3 c5 6. Bb5+ Bd7 7. Nf4 Bxb5 8. Nxb5
Qb6 9. Nxe6 Na6 10. Nxf8 Qxb5 11. Ne6 Kf7 12. Bxf6 Kxf6 13. Nf4 Rhd8 14. Qh5
cxd4 15. Qxh7 dxe3 16. Qg6+ Ke5 17. fxe3 Rd6 18. Qxg7+ Rf6 19. Qe7+ Re6 20.
Qxe6# 1-0

[Event "Titled Tue 20th May Early"]
[Site "chess.com INT"]
[Date "2025.05.20"]
[Round "3"]
[White "May Sanchez, Andres Elias"]
[Black "Lai, Duc Minh"]
[Result "0-1"]
[WhiteElo "2209"]
[BlackElo "2072"]
[WhiteFideId "5150973"]
[BlackFideId "12420387"]
[EventDate "2025.05.20"]

1. e4 c5 2. Nf3 g6 3. d4 cxd4 4. Nxd4 Nc6 5. c4 Nf6 6. Nc3 d6 7. Be2 Nxd4 8.
Qxd4 Bg7 9. Be3 O-O 10. Qd2 Be6 11. O-O a5 12. Rac1 a4 13. f3 Qa5 14. Nb5 Rfc8
15. Qxa5 Rxa5 16. c5 dxc5 17. Bxc5 Bd7 18. Bb4 Rxc1 19. Rxc1 Rxb5 20. Bxb5 Bxb5
21. Rc8+ Ne8 22. Bc3 Bc6 23. Bxg7 Kxg7 24. Kf2 Kf6 25. Ke3 Ke5 26. f4+ Kd6 0-1

[Event "Titled Tue 20th May Early"]
[Site "chess.com INT"]
[Date "2025.05.20"]
[Round "3"]
[White "Zlatin, Alexander"]
[Black "Jaiveer, Mahendru"]
[Result "0-1"]
[WhiteTitle "FM"]
[BlackTitle "FM"]
[WhiteElo "2306"]
[BlackElo "2230"]
[WhiteFideId "2810549"]
[BlackFideId "25611151"]
[EventDate "2025.05.20"]

1. e4 e6 2. Qe2 d5 3. exd5 Qxd5 4. Nc3 Qd8 5. g3 Nc6 6. Nf3 Nf6 7. Bg2 Be7 8.
O-O O-O 9. Rd1 Nb4 10. d4 Nbd5 11. Nxd5 exd5 12. Bf4 Bf5 13. Ne5 c6 14. c4 Be4
15. Bxe4 Nxe4 16. f3 Nf6 17. c5 Re8 18. b4 Nh5 19. Qd2 f6 20. Nd3 Bf8 21. g4
Nxf4 22. Qxf4 a5 23. a3 Qd7 24. Kf2 Qf7 25. h4 h5 26. g5 Be7 27. Rg1 Qg6 28.
gxf6 Qxf6 29. Qe5 Qxh4+ 30. Rg3 Bf6 31. Rh1 Qxh1 32. Qxf6 Qh2+ 33. Kf1 Qxg3 34.
Qf5 axb4 35. Ne5 Rxe5 36. dxe5 Rf8 37. Qe6+ Kh8 38. axb4 Rxf3+ 39. Ke2 Rf2+ 40.
Ke1 Qg1# 0-1

[Event "Titled Tue 20th May Early"]
[Site "chess.com INT"]
[Date "2025.05.20"]
[Round "3"]
[White "Sklokin, Sergey"]
[Black "Buchenau, Frank"]
[Result "1-0"]
[WhiteTitle "FM"]
[BlackTitle "FM"]
[WhiteElo "2311"]
[BlackElo "2190"]
[WhiteFideId "55730230"]
[BlackFideId "4604350"]
[EventDate "2025.05.20"]

1. d4 e6 2. c4 Nf6 3. Nf3 b6 4. g3 Bb7 5. Bg2 Be7 6. O-O O-O 7. Qc2 c5 8. Rd1
cxd4 9. Nxd4 Bxg2 10. Kxg2 Qc7 11. b3 d5 12. Bb2 dxc4 13. Nf3 Rc8 14. Na3 cxb3
15. Qxb3 Na6 16. Rac1 Nc5 17. Qe3 Nd5 18. Qd2 Qb7 19. h4 Na4 20. Bxg7 Bxa3 21.
Qg5 Be7 22. Bf6+ Kf8 23. Qg7+ Ke8 24. Ne5 Bxf6 25. Qg8+ Ke7 26. Qxf7+ Kd6 27.
Qxb7 Bxe5 28. Rxc8 Nc5 29. Rc6# 1-0

[Event "Titled Tue 20th May Early"]
[Site "chess.com INT"]
[Date "2025.05.20"]
[Round "3"]
[White "Garcia Correa, Jose Ricardo"]
[Black "Bashirli, Saadat"]
[Result "0-1"]
[WhiteTitle "FM"]
[BlackTitle "WCM"]
[WhiteElo "2103"]
[BlackElo "1941"]
[WhiteFideId "5101832"]
[BlackFideId "13429990"]
[EventDate "2025.05.20"]

1. e4 c5 2. Nf3 Nc6 3. d4 cxd4 4. Nxd4 g6 5. Nxc6 bxc6 6. Qd4 Nf6 7. e5 Nd5 8.
e6 Nf6 9. exf7+ Kxf7 10. Bc4+ d5 11. Bb3 Bg7 12. O-O Ne4 13. Qxe4 Be6 14. Qe2
Rf8 15. Re1 Qd7 16. c4 d4 17. Nd2 c5 18. Ne4 Bg4 19. f3 Bf5 20. Ng5+ Kg8 21. g4
d3 22. Qg2 d2 23. Bxd2 Bd3 24. Be3 Qc6 25. Rad1 Rad8 26. Bc2 Bxc4 27. Be4 Qf6
28. b3 Bb5 29. Bxc5 Qxg5 30. Qf2 Bc3 31. Be3 Bxe1 32. Qxe1 Rxd1 33. Qxd1 Qxe3+
34. Kg2 Qe2+ 35. Qxe2 Bxe2 36. Kf2 Bb5 0-1

[Event "Titled Tue 20th May Early"]
[Site "chess.com INT"]
[Date "2025.05.20"]
[Round "3"]
[White "Krzywda, Andrzej"]
[Black "Yelisieiev, Yevhenii"]
[Result "0-1"]
[WhiteTitle "CM"]
[BlackTitle "IM"]
[WhiteElo "2175"]
[BlackElo "2412"]
[WhiteFideId "1114565"]
[BlackFideId "14139642"]
[EventDate "2025.05.20"]

1. e4 c5 2. Nf3 e6 3. d4 cxd4 4. Nxd4 a6 5. c4 Nf6 6. Nc3 Bb4 7. Qd3 d5 8. exd5
exd5 9. Be2 O-O 10. O-O Nc6 11. Nxc6 bxc6 12. cxd5 Nxd5 13. Nxd5 Qxd5 14. Qxd5
cxd5 15. Bf4 Be6 16. Rfc1 Rfc8 17. a3 Be7 18. Rxc8+ Rxc8 19. Bxa6 Rc2 20. Be5
Bc5 21. Rf1 f6 22. Bc3 Bf5 23. Bb7 Be4 24. g3 f5 25. h4 d4 26. Bxe4 fxe4 27. Bb4
Ba7 28. Re1 d3 29. Rxe4 d2 30. Re8+ Kf7 31. Re7+ Kf6 32. Rd7 Rc1+ 33. Kg2 d1=Q 0-1

[Event "Titled Tue 20th May Early"]
[Site "chess.com INT"]
[Date "2025.05.20"]
[Round "3"]
[White "Bachmann, Axel"]
[Black "Begmuratov, Alisher"]
[Result "1-0"]
[WhiteTitle "GM"]
[BlackTitle "FM"]
[WhiteElo "2570"]
[BlackElo "2395"]
[WhiteFideId "3700488"]
[BlackFideId "14203367"]
[EventDate "2025.05.20"]

1. d4 Nf6 2. Nf3 e6 3. e3 d5 4. Bd3 c5 5. b3 Nc6 6. a3 Bd6 7. Bb2 Qc7 8. dxc5
Bxc5 9. Nbd2 O-O 10. c4 Qe7 11. Qc2 h6 12. O-O Bd6 13. Rfd1 Bd7 14. e4 dxe4 15.
Nxe4 Nxe4 16. Bxe4 Rfd8 17. b4 Rac8 18. c5 Bb8 19. Qe2 e5 20. h3 f6 21. Nh4 Be6
22. Nf5 Qf7 23. Qf3 Kh8 24. Nh4 Nd4 25. Bxd4 exd4 26. Bxb7 Rc7 27. Be4 Bb3 28.
Re1 g5 29. Nf5 Bc4 30. Nxh6 Qg7 31. Qh5 1-0

[Event "Titled Tue 20th May Early"]
[Site "chess.com INT"]
[Date "2025.05.20"]
[Round "3"]
[White "Nagare Kaivalya Sandip"]
[Black "Teterev, Vitaly"]
[Result "1-0"]
[WhiteTitle "FM"]
[BlackTitle "GM"]
[WhiteElo "2321"]
[BlackElo "2258"]
[WhiteFideId "25957929"]
[BlackFideId "13501429"]
[EventDate "2025.05.20"]

1. e4 c5 2. Nf3 e6 3. d4 cxd4 4. Nxd4 a6 5. c4 Nf6 6. Nc3 Bb4 7. Qd3 Qc7 8. Nc2
Bd6 9. g3 b6 10. f4 Bb7 11. Be3 Nc6 12. O-O-O Bc5 13. Bg2 d6 14. Bxc5 dxc5 15.
e5 Rd8 16. Qe2 Nd7 17. Rd6 O-O 18. Rhd1 Ndb8 19. Ne4 Rxd6 20. Nxd6 Ba8 21. Be4
Nd7 22. Qh5 g6 23. Qe2 f5 24. Bf3 Rd8 25. h4 Nf8 26. h5 Ne7 27. hxg6 Bxf3 28.
gxh7+ Kh8 29. Qxf3 Kxh7 30. Qh5+ Kg7 31. Qf7+ 1-0

[Event "Titled Tue 20th May Early"]
[Site "chess.com INT"]
[Date "2025.05.20"]
[Round "3"]
[White "Montano Vicente, Guadalupe"]
[Black "Ghimoyan, Narek"]
[Result "0-1"]
[BlackTitle "CM"]
[WhiteElo "1940"]
[BlackElo "2273"]
[WhiteFideId "5181399"]
[BlackFideId "13315412"]
[EventDate "2025.05.20"]

1. d4 Nf6 2. c4 e6 3. Nc3 Bb4 4. Nf3 O-O 5. e3 b6 6. Be2 Bb7 7. O-O Bxc3 8. bxc3
d6 9. a4 a5 10. Ba3 Nbd7 11. Nd2 c5 12. Bf3 Qc7 13. Rb1 e5 14. d5 Rfe8 15. e4
Nf8 16. Re1 Ng6 17. Re3 Kh8 18. Bc1 Ng8 19. Nf1 Bc8 20. Ng3 N8e7 21. Re2 f5 22.
exf5 Nxf5 23. Be4 Rf8 24. Reb2 Rb8 25. Bg5 Nxg3 26. hxg3 Bf5 27. Bxf5 Rxf5 28.
Be3 e4 29. Qc2 Re5 30. Rb3 Ree8 31. Qb2 Ne5 32. Rxb6 Rxb6 33. Qxb6 Qxb6 34. Rxb6
Nxc4 35. Rb7 h6 36. Kf1 Re5 37. Bf4 Rxd5 38. Ke2 Rd3 39. Re7 d5 40. Rc7 Rxc3 41.
Rxc5 Rc2+ 42. Kd1 Rxf2 43. Rxd5 Rxg2 44. Rd8+ Kh7 45. Rc8 Nb2+ 46. Ke1 Nd3+ 47.
Kf1 Rf2+ 48. Kg1 Ra2 49. Rc4 Nxf4 50. gxf4 e3 51. Re4 e2 52. Kf2 Kg6 53. Rxe2
Rxe2+ 54. Kxe2 Kf5 55. Kf3 h5 0-1

[Event "Titled Tue 20th May Early"]
[Site "chess.com INT"]
[Date "2025.05.20"]
[Round "3"]
[White "Herpai, Jozsef Matyas"]
[Black "Skiadopoulos, Nikolaos"]
[Result "1-0"]
[WhiteTitle "CM"]
[BlackTitle "CM"]
[WhiteElo "2056"]
[BlackElo "1882"]
[WhiteFideId "786179"]
[BlackFideId "4200772"]
[EventDate "2025.05.20"]

1. e4 c5 2. Nf3 Nc6 3. d4 cxd4 4. Nxd4 e5 5. Nb5 d6 6. c4 Be6 7. N5c3 Nf6 8. Bd3
Be7 9. Nd5 Bxd5 10. cxd5 Nd4 11. Be3 O-O 12. O-O Nd7 13. Nc3 Nc5 14. Rc1 Rc8 15.
Bb1 Bf6 16. b4 Nd7 17. Bxd4 exd4 18. Nb5 Qb6 19. Bd3 a6 20. Na3 Qxb4 21. Nc4 b5
22. Rb1 Qc5 23. Na5 Ne5 24. f4 Nxd3 25. Qxd3 Qc3 26. Qxc3 dxc3 27. Nc6 Rfe8 28.
Rfe1 Rxc6 29. dxc6 Bd4+ 30. Kf1 Rc8 31. Rbd1 c2 32. Rxd4 Rxc6 33. Rc1 1-0

[Event "Titled Tue 20th May Early"]
[Site "chess.com INT"]
[Date "2025.05.20"]
[Round "3"]
[White "Rodriguez, Eric"]
[Black "Pulpan, Jakub"]
[Result "0-1"]
[WhiteTitle "FM"]
[BlackTitle "IM"]
[WhiteElo "2258"]
[BlackElo "2405"]
[WhiteFideId "2023628"]
[BlackFideId "302759"]
[EventDate "2025.05.20"]

1. e3 e5 2. Nf3 e4 3. Nd4 Nc6 4. d3 exd3 5. Bxd3 Nf6 6. O-O d5 7. c4 Ne5 8. cxd5
Nxd3 9. Qxd3 Qxd5 10. Nc3 Qh5 11. Ndb5 Qe5 12. f4 Qe7 13. Qc4 c6 14. Rd1 Be6 15.
Qa4 Rd8 16. Nd4 Bg4 17. Re1 g6 18. h3 Bc8 19. b3 b5 20. Qa5 Rxd4 21. Nxb5 Rd7
22. Ba3 Qd8 23. Qxd8+ Kxd8 24. Nd4 Bxa3 25. Nxc6+ Ke8 26. Ne5 0-1

[Event "Titled Tue 20th May Early"]
[Site "chess.com INT"]
[Date "2025.05.20"]
[Round "3"]
[White "Chen, Yidong"]
[Black "Petriashvili, Nikoloz"]
[Result "0-1"]
[BlackTitle "IM"]
[WhiteElo "2038"]
[BlackElo "2468"]
[WhiteFideId "8607028"]
[BlackFideId "13611216"]
[EventDate "2025.05.20"]

1. e4 Na6 2. d4 c6 3. Nf3 g6 4. Nc3 Bg7 5. Be3 d5 6. e5 Nh6 7. Bxa6 bxa6 8. h3
O-O 9. g4 f6 10. Qd2 Nf7 11. exf6 exf6 12. O-O-O Rb8 13. Na4 Nd6 14. b3 Qe7 15.
Nc5 Ne4 16. Nxe4 dxe4 17. Ng1 Qa3+ 18. Kb1 Be6 19. Qc3 Bd5 20. Ne2 a5 21. Bc1
Qb4 22. Bb2 f5 23. g5 f4 24. Rhg1 Rbe8 25. a3 Qb5 26. Nc1 a4 27. bxa4 Qxa4 28.
Nb3 Rb8 29. Nc5 Qb5 30. Ka1 Rb6 31. Rb1 Rfb8 32. Nd7 Qa4 33. Nxb8 Rxb8 34. Rgd1
Rb5 35. h4 c5 36. Bc1 e3 37. fxe3 f3 38. Rxb5 Qxb5 0-1

[Event "Titled Tue 20th May Early"]
[Site "chess.com INT"]
[Date "2025.05.20"]
[Round "3"]
[White "Silva Lucena, Cristian"]
[Black "Marcziter, Dmitrii"]
[Result "1/2-1/2"]
[WhiteTitle "FM"]
[BlackTitle "FM"]
[WhiteElo "2257"]
[BlackElo "2208"]
[WhiteFideId "2232588"]
[BlackFideId "13900765"]
[EventDate "2025.05.20"]

1. d4 Nf6 2. c4 g6 3. Nc3 Bg7 4. e4 d6 5. Be2 O-O 6. Be3 Na6 7. g4 c5 8. d5 e6
9. g5 Ne8 10. h4 Nac7 11. h5 exd5 12. cxd5 f5 13. gxf6 Nxf6 14. hxg6 hxg6 15.
Nf3 b5 16. Ng5 b4 17. Nb1 Qe7 18. Nd2 Ba6 19. Bg4 Bc8 20. Bxc8 Raxc8 21. Qc2 Ng4
22. e5 Nxe5 23. Qe4 c4 24. Qh4 Rf5 25. Nde4 Nxd5 26. O-O-O Nxe3 27. fxe3 c3 28.
Qh7+ Kf8 29. Qh8+ Bxh8 30. Rxh8+ Kg7 31. Rh7+ Kf8 32. Rh8+ Kg7 33. Rh7+ Kf8 34.
Rh8+ 1/2-1/2

[Event "Titled Tue 20th May Early"]
[Site "chess.com INT"]
[Date "2025.05.20"]
[Round "3"]
[White "Mirimanian, Hayk"]
[Black "Fernandes, Rogerio Paulo Muller"]
[Result "1-0"]
[WhiteTitle "FM"]
[WhiteElo "2237"]
[BlackElo "2241"]
[WhiteFideId "4700180"]
[BlackFideId "2101599"]
[EventDate "2025.05.20"]

1. d4 Nf6 2. Nf3 c5 3. d5 d6 4. Nc3 g6 5. e4 Bg7 6. Bb5+ Nfd7 7. a4 O-O 8. O-O
Na6 9. Re1 Nc7 10. Bf1 Rb8 11. Nb5 a6 12. Na7 b5 13. Nc6 Qe8 14. Nxb8 Nxb8 15.
axb5 axb5 16. e5 dxe5 17. Nxe5 Bb7 18. d6 exd6 19. Qxd6 Ne6 20. Ra7 Qc8 21. Bxb5
Rd8 22. Qe7 Bxe5 23. Rxb7 Bc7 24. Ra7 1-0

[Event "Titled Tue 20th May Early"]
[Site "chess.com INT"]
[Date "2025.05.20"]
[Round "3"]
[White "Aarit Kapil"]
[Black "Vakhidov, Jakhongir"]
[Result "0-1"]
[WhiteTitle "CM"]
[BlackTitle "GM"]
[WhiteElo "2098"]
[BlackElo "2546"]
[WhiteFideId "33408947"]
[BlackFideId "14201801"]
[EventDate "2025.05.20"]

1. e4 c5 2. Nf3 g6 3. d4 cxd4 4. Qxd4 Nf6 5. e5 Nc6 6. Qa4 Nd5 7. Qe4 Nb6 8. Nc3
Bg7 9. Bf4 d5 10. exd6 Bf5 11. Qe2 O-O 12. dxe7 Nxe7 13. Rd1 Qc8 14. Bd6 Re8 15.
Bxe7 Bxc3+ 16. bxc3 Qxc3+ 17. Rd2 Nd5 18. Bg5 Bxc2 19. Be3 Nxe3 20. fxe3 Rxe3
21. Kf2 Rxe2+ 22. Bxe2 Be4 23. Rhd1 Re8 24. h3 Bc6 25. Rd3 Qc5+ 26. Rd4 Bxf3 27.
Bxf3 Rd8 28. Ke3 f5 29. Rd2 Qe5+ 30. Re4 Qc3+ 0-1

[Event "Titled Tue 20th May Early"]
[Site "chess.com INT"]
[Date "2025.05.20"]
[Round "3"]
[White "Can, Melih Kaan"]
[Black "Setumadhav, Yellumahanthi"]
[Result "1/2-1/2"]
[WhiteTitle "CM"]
[BlackTitle "FM"]
[WhiteElo "2171"]
[BlackElo "2254"]
[WhiteFideId "6317383"]
[BlackFideId "25920669"]
[EventDate "2025.05.20"]

1. e4 e5 2. Nf3 Nc6 3. d4 exd4 4. Nxd4 Nf6 5. Nxc6 bxc6 6. e5 Qe7 7. Qe2 Nd5 8.
c4 Ba6 9. b3 g6 10. f4 d6 11. Qf2 Nf6 12. Qe2 Nd7 13. Bb2 Bg7 14. g3 dxe5 15.
Bg2 Bb7 16. O-O O-O 17. Ba3 Qe6 18. Bxf8 Rxf8 19. f5 gxf5 20. Nd2 e4 21. Rad1
Bd4+ 22. Kh1 c5 23. Bh3 e3+ 24. Nf3 Ne5 25. Bg2 Ng4 26. Nxd4 Bxg2+ 27. Kxg2 cxd4
28. Rxd4 c5 29. Rd5 Qe4+ 30. Rf3 Ne5 31. Qxe3 Nxf3 32. Qxf3 Qc2+ 33. Qf2 Qe4+
34. Qf3 Qc2+ 35. Qf2 Qe4+ 36. Qf3 1/2-1/2

[Event "Titled Tue 20th May Early"]
[Site "chess.com INT"]
[Date "2025.05.20"]
[Round "3"]
[White "Sanhueza, Cristian"]
[Black "Tatarinov, Dmitry"]
[Result "0-1"]
[WhiteTitle "FM"]
[BlackTitle "FM"]
[WhiteElo "2182"]
[BlackElo "2344"]
[WhiteFideId "116815"]
[BlackFideId "24160067"]
[EventDate "2025.05.20"]

1. e4 c5 2. Nf3 d6 3. d4 cxd4 4. Nxd4 Nf6 5. Nc3 Nc6 6. Be3 Bd7 7. h3 Rc8 8. g4
Nxd4 9. Qxd4 a6 10. g5 e5 11. Qd2 Rxc3 12. gxf6 Rxe3+ 13. Qxe3 Qxf6 14. Bc4 Be7
15. Bd5 O-O 16. Rg1 b5 17. O-O-O g6 18. Kb1 Kg7 19. Rg3 Qf4 20. Qxf4 exf4 21.
Rc3 Bf6 22. Rc7 Bxh3 23. Ra7 Bg4 24. Rg1 h5 25. Rxa6 Bd4 26. Rg2 f3 27. Rh2 f5
28. c3 Be5 29. Rh1 fxe4 30. Bxe4 Rf4 31. Ra7+ Kh6 32. Bd5 b4 33. cxb4 Rd4 34.
Bb3 Rd2 35. b5 Rxb2+ 36. Kc1 Rxf2 37. b6 Bd4 38. Ra6 Be3+ 39. Kd1 Rd2+ 40. Ke1
f2+ 41. Kf1 Be2+ 42. Kg2 Bxa6 43. Kf3 Bxb6 0-1

[Event "Titled Tue 20th May Early"]
[Site "chess.com INT"]
[Date "2025.05.20"]
[Round "3"]
[White "Wankhade Sanskruti"]
[Black "Omariev, Maksim"]
[Result "0-1"]
[WhiteTitle "WCM"]
[BlackTitle "FM"]
[WhiteElo "1869"]
[BlackElo "2304"]
[WhiteFideId "25063561"]
[BlackFideId "4193423"]
[EventDate "2025.05.20"]

1. d4 h5 2. c4 h4 3. h3 d6 4. Nc3 e5 5. Nf3 Nc6 6. e3 Bf5 7. Be2 Nf6 8. O-O Qd7
9. b3 e4 10. Nd2 O-O-O 11. Qc2 Re8 12. Ba3 g5 13. f4 Rg8 14. d5 Nd8 15. Nb5 Kb8
16. Nd4 Bxh3 17. f5 Bg4 18. Bxg4 Nxg4 19. Rae1 Bg7 20. Nxe4 Nxe3 21. Qd3 Nxf1
22. Rxf1 Be5 23. Nf3 h3 24. c5 hxg2 25. Kxg2 Qxf5 26. Nxe5 Qxe5 27. cxd6 Qxe4+
28. Qxe4 Rxe4 29. dxc7+ Kxc7 30. Rxf7+ Kb8 31. Bd6+ Ka8 32. Rc7 b6 33. Rc8+ Kb7
34. Rb8+ Ka6 35. Bc7 Ree8 36. d6 Nc6 37. Rxe8 Rxe8 38. d7 Rf8 39. Kg3 Kb7 40.
Bd6 Rd8 41. Be7 Rxd7 42. Bxg5 Rd5 43. Kg4 Ra5 0-1

[Event "Titled Tue 20th May Early"]
[Site "chess.com INT"]
[Date "2025.05.20"]
[Round "3"]
[White "Leschinsky, Gary"]
[Black "Harriott, Tyrell"]
[Result "0-1"]
[WhiteElo "1992"]
[BlackElo "1924"]
[WhiteFideId "30951321"]
[BlackFideId "2086484"]
[EventDate "2025.05.20"]

1. d4 d6 2. e4 Nf6 3. Nc3 Nbd7 4. Nf3 e5 5. Bc4 Be7 6. O-O O-O 7. Re1 c6 8. a4
h6 9. h3 Qc7 10. a5 Rb8 11. Bb3 b5 12. axb6 axb6 13. d5 Nc5 14. Ba2 cxd5 15.
Nxd5 Nxd5 16. Bxd5 Be6 17. Be3 b5 18. Ra2 b4 19. b3 Rfc8 20. Kf1 Kh7 21. Qd2 Kg8
22. Rea1 Bf8 23. Ra7 Qd8 24. Bxc5 Rxc5 25. Bxe6 fxe6 26. Qd3 Rbc8 27. R1a2 R5c7
28. R7a6 Qf6 29. g3 Rc3 30. Kg2 Rxd3 31. cxd3 Rc3 32. Ne1 Rxb3 33. Ra8 Ra3 34.
R2xa3 bxa3 35. Rxa3 d5 36. Ra8 Qg6 37. f3 Qf7 38. Nc2 Qb7 39. Ra1 Qb2 0-1